000
00344 a2200169 4500
001
186901
020
_a
85-08-04654-5
040
_c
Magnum
100
_a
Wood, Audrey
240
1
0
_a
A bruxa salomé
_l
por
245
1
0
_a
A bruxa salomé
300
_a
26
362
0
_a
2004
440
1
_a
Ática
697
_a
LITERATURA INFANTO
942
_c
BK
999
_c
186901
_d
186901